[Event "Baden-ch U16"]
[Site "Schoeneck"]
[Date "2009.01.04"]
[Round "6"]
[White "Bahner, Jochen"]
[Black "Baur, Sebastian"]
[Result "0-1"]
[WhiteElo "1313"]
[BlackElo "1383"]
[PlyCount "78"]
[EventDate "2009.01.02"]
[EventType "swiss"]
[EventRounds "7"]
[EventCountry "GER"]
[SourceTitle "EXT 2010"]
[Source "ChessBase"]
[SourceDate "2010.11.25"]
[SourceVersion "1"]
[SourceVersionDate "2010.11.25"]
[SourceQuality "1"]

1. e4 e5 2. Nf3 Nf6 3. Nxe5 Qe7 4. Nf3 Nxe4 5. Qe2 Nc6 6. d3 Nf6 7. Bg5 Nb4 8. Na3 d6 9. Bxf6 gxf6 10. Qxe7+ Bxe7 11. c3 Nc6 12. Nb5 Bd8 13. g3 a6 14. Nbd4 Ne5 15. Be2 0-0 16. 0-0 Re8 17. Rfe1 c5 18. Nc2 Bf5 19. Nxe5 fxe5 20. Ne3 Be6 21. Bg4 Bg5 22. Bxe6 fxe6 23. Re2 b5 24. Rae1 Re7 25. Nc2 Rae8 26. b3 Bf6 27. c4 bxc4 28. bxc4 Rb8 29. Ne3 Reb7 30. Rc2 a5 31. Ng4 Bg7 32. f3 a4 33. Ree2 a3 34. Rc3 Ra7 35. Ne3 e4 36. Rc1 Rb2 37. Rf2 Bd4 38. Re1 exd3 39. Kf1 d2 0-1